| 000 | 01501nam a2200301 a 4500 | ||
|---|---|---|---|
| 001 | BRCA_2510 | ||
| 005 | 20190320203838.0 | ||
| 008 | 251108s1860----fr-#---###---#000-0#spa-u | ||
| 041 | _aspa | ||
| 044 | _afr | ||
| 084 |
_a147 _b.H56 _c1860 |
||
| 100 | 1 |
_aCervantes Saavedra, Miguel de _d1547-1616 _9213 |
|
| 245 | 1 | 0 | _aEl Ingenioso Hidalgo Don Quijote de la Mancha |
| 260 |
_aParís _bCarlos Hingray _c1860 |
||
| 300 |
_a695 p. _c18 cm. |
||
| 500 | _aContenido : Primera parte. Advertencia del editor. Breve vida de Cervantes. Dedicatoria del autor. Prólogo del autor. Versos preliminares. Texto. Segunda parte. Dedicatoria del autor. Prólogo del autor. Texto | ||
| 500 | _aEdición : Nueva edición corregida y anotada por Eugenio Ochoa | ||
| 500 | _aEsta edición tiene por modelo la de París de 1844 del mismo editor y sigue, en cuanto al texto, la de Madrid de 1833-39, anotada por Clemencín. Va precedida de una breve biografía de Cervantes. Impresión buena, pero de tipos algo pequeños. Semipiel; lomera decorada con filetes dorados Lúdovik Osterc | ||
| 500 | _aQM131 | ||
| 650 | 1 | 4 |
_aNovela española _yÉpoca clásica, 1500-1700 _9215 |
| 650 | 1 | 4 |
_aLiteratura española _yÉpoca clásica, 1500-1700 _9216 |
| 650 | 1 | 4 |
_aNovela española _ySiglo XVII _9217 |
| 650 | 1 | 4 |
_aDon Quijote (Personaje ficticio) _eNovela _9218 |
| 700 | 1 |
_aOchoa y Montel, Eugenio _d1815-1872 _eAnotador _97218 |
|
| 740 | 0 | _aEl Ingenioso Hidalgo Don Quijote de la Mancha | |
| 902 | _aQFM | ||
| 942 |
_2lcc _cB |
||
| 999 |
_c2251 _d2251 |
||